000 00616nam a2200229 a 4500
001 19974
003 CO-ViMGA
008 141112s2004 ck r 000 u spa d
020 _a8488665081
040 _aCO-ViMGA
_bspa
_cCO-ViMGA
082 0 4 _a137.7 X153q
100 1 _aXandró, Mauricio
_929003
245 1 0 _aGrafología y Psicología
250 _a4
260 _aMadrid :
_bEdiciones Xandró; 1996
300 _a94 p.
590 _aForma de adquisición : Premio Mincultura
650 1 4 _aCALIGRAFIA
_929004
650 1 4 _aGRAFOLOGIA
_951721
650 1 4 _aPSICOLOGIA DE LA ESCRITURA
_929005
942 _2ddc
_cBK
999 _c29093
_d29093